000 00580cam a2200193 a 4500
001 000018845
005 20200929165851.0
008 730131s1972 xx 001 p eng d
020 _a0070774315
040 _aDO-SdBNP
_bspa
_dBNPHU
082 _a811.54
_bL785c
100 1 _aLivesay, Dorothy,
_d1909-1996
_940604
245 1 0 _aCollected poems :
_bthe two seasons.
260 _aToronto, Montreal :
_bMcGraw-Hill,
_c1972.
300 _axvi, 368 p. ;
_c23 cm.
500 _aIncluye índice
650 4 _aPoesía canadiense
_914165
650 4 _aLiteratura canadiense
_ySIGLO XX
_97991
999 _c18365
_d18365